| 000 | 00664nam a2200217 i 4500 | ||
|---|---|---|---|
| 001 | 115263 | ||
| 003 | ES-MaACL | ||
| 005 | 20251013233958.0 | ||
| 007 | t| | ||
| 008 | 070227s1911 sp a |||| | spa d | ||
| 080 | _a821.134.2-32"19" | ||
| 100 | 1 |
_aValcarce, Javier ( _dm. 1922) _9112461 |
|
| 245 | 1 | 0 |
_aAcaso / _cpor Javier Valcarce ; ilustraciones de Bartolozzi. |
| 260 |
_aMadrid : _bEl Cuento Semanal, _c1911. |
||
| 300 |
_a20 p. : _bil. ; _c26 cm. |
||
| 490 | 1 |
_aEl cuento semanal ; _v233 |
|
| 700 | 1 |
_aBartolozzi, Salvador, _d1882-1950 _9158719 |
|
| 830 | 0 | 3 |
_aEl cuento semanal _v233 _9185957 |
| 852 |
_aES-MaACL _jG-4447(24) |
||
| 999 |
_c115263 _d115263 |
||